Movies Beginning With J - The Last 40 Years - Statistics

General Stats
  • This quiz has been taken 22 times
  • The average score is 13 of 41
Answer Stats
Picture Answer % Correct
Joker: Folie à Deux (2024)
100%
Jaws: The Revenge (1987)
94%
Juno (2007)
94%
The Jungle Book (2016)
94%
Jumanji: Welcome To The Jungle (2017)
78%
Jackass: The Movie (2002)
67%
Jurassic World (2015)
67%
Johnny English (2003)
61%
Jack Frost (1998)
56%
JFK (1991)
50%
Jojo Rabbit (2019)
50%
Jerry Maguire (1996)
44%
Jungle Cruise (2021)
44%
Junior (1994)
39%
Jackie Brown (1997)
33%
Jarhead (2005)
33%
Jennifer's Body (2009)
28%
John Carter (2012)
28%
Jack The Giant Slayer (2013)
22%
Joseph: King Of Dreams (2000)
22%
Jumper (2008)
22%
The Judge (2014)
22%
Jacob's Ladder (1990)
17%
Jurassic World: Rebirth (2025)
17%
The Jewel Of The Nile (1985)
17%
Jersey Girl (2004)
11%
Johnny Be Good (1988)
11%
Joy Ride (2001)
11%
Judgment Night (1993)
11%
Juice (1992)
11%
Juliet, Naked (2018)
11%
Jumpin' Jack Flash (1986)
11%
Just My Luck (2006)
11%
Jeff, Who Lives At Home (2011)
6%
Jerry & Marge Go Large (2022)
6%
Joe Bell (2020)
6%
Joe The King (1999)
6%
Jules (2023)
6%
Just Cause (1995)
6%
Just Wright (2010)
6%
The January Man (1989)
6%
No matching quizzes found
Score Distribution
Percent of People with Each Score
Percentile by Number Answered
Your Score History
You have not taken this quiz